000 00756nam a2200253Ia 4500
003 OSt
005 20221005072903.0
006 a|||||r|||| 00| 0
007 ta
008 221004b |||||||| |||| 00| 0 urd d
020 _cINR 260.00
024 _a41794
037 _b2126, 16/03/2019, M.R.Publications
_cTextual
040 _aCRL
_cCRL
_burd
041 _2urd
_aurd
082 _aV2:51.M57, 168P7
100 _aArgali Farooq Co.
245 0 _aDastaan eighteen hundred fifty seven
260 _aNew Delhi
_bFarid book depot India
_c2007
300 _a581p.
_ccm.
650 _aINDIA - HISTORY
942 _hV2:51.M57, 168P7
_cTEXL
_2cc
999 _c980216
_d980216